000 00419nam a2200169Ia 4500
008 220216s9999 xx 000 0 und d
100 _aShell James
245 0 _aProcessing effects on NR aging characteristics
260 _bRubber World
_c2004
300 _a21-28
650 _aNR aging
650 _aThermo-oxidation
700 _aVejins Viktor
700 _aWang Ting
700 _aWong Yee Ling
942 _cJS
999 _c65780
_d65780